Previous Club -- Chelsea Players - Statistics

General Stats
  • This quiz has been taken 32 times
  • The average score is 19 of 29
Answer Stats
Hint Answer % Correct
Alejandro Garnacho Manchester United
100%
Raheem Sterling Arsenal
97%
Moises Caicedo Brighton & Hove Albion
90%
Enzo Fernandez Benfica
86%
Jamie Gittens Borussia Dortmund
86%
Cole Palmer Manchester City
86%
Mykhaylo Mudryk Shakhtar Donetsk
86%
Joao Pedro Brighton & Hove Albion
83%
Liam Delap Ipswich Town
83%
Marc Cucurella Brighton & Hove Albion
79%
Robert Sanchez Brighton & Hove Albion
76%
Pedro Neto Wolverhampton
72%
Facundo Buonanotte Brighton & Hove Albion
69%
Malo Gusto Olympique Lyonnais
66%
Jorrel Hato AFC Ajax
62%
Estevao Palmeiras
62%
Romeo Lavia Southampton
62%
Wesley Fofana Leicester City
59%
Marc Guiu Sunderland
55%
Benoit Badiashile AS Monaco
52%
Levi Colwill Brighton & Hove Albion
48%
Trevoh Chalobah Crystal Palace
45%
Tosin Adarabioyo Fulham
45%
Axel Disasi Aston Villa
41%
Andrey Santos RC Strasbourg
41%
Dario Essugo Sporting CP
41%
Filip Jørgensen Villarreal
41%
Deivid Washington Santos
34%
Gabriel Słonina KAS Eupen
7%
No matching quizzes found
Score Distribution
Percent of People with Each Score
Percentile by Number Answered
Your Score History
You have not taken this quiz